Complete Biology for Cambridge Secondary 1 Workbook / (Record no. 5775)

MARC details
000 -LEADER
fixed length control field 01357nam a22002177a 4500
001 - CONTROL NUMBER
control field 5775
003 - CONTROL NUMBER IDENTIFIER
control field FISKH
005 - DATE AND TIME OF LATEST TRANSACTION
control field 20250122150835.0
008 - FIXED-LENGTH DATA ELEMENTS--GENERAL INFORMATION
fixed length control field 250121b cb ||||| |||| 00| 0 eng d
020 ## - INTERNATIONAL STANDARD BOOK NUMBER
International Standard Book Number 9780198390220
040 ## - CATALOGING SOURCE
Original cataloging agency FISKH
Language of cataloging eng
Transcribing agency FISKH
Modifying agency FISKH
050 ## - LIBRARY OF CONGRESS CALL NUMBER
Classification number PZ7
082 ## - DEWEY DECIMAL CLASSIFICATION NUMBER
Classification number 500
100 ## - MAIN ENTRY--PERSONAL NAME
Personal name Large, Pam
245 ## - TITLE STATEMENT
Title Complete Biology for Cambridge Secondary 1 Workbook /
Statement of responsibility, etc. by Pam Large
260 ## - PUBLICATION, DISTRIBUTION, ETC.
Place of publication, distribution, etc. Oxford :
Name of publisher, distributor, etc. Oxford University Press ,
Date of publication, distribution, etc. 2013.
300 ## - PHYSICAL DESCRIPTION
Extent 127 pages :
Other physical details illustrations ;
Dimensions 28 cm .
520 ## - SUMMARY, ETC.
Summary, etc. Ensure your students reach their full potential at Cambridge Checkpoint level and enable them to confidently leap into Cambridge IGCSERG science study with a solid foundation in Biology. Suitable for independent study, these Workbooks include a wide range of extra revision and practicalmaterial that closely supports all the material in the Student Books, to help students consolidate their learning. Practice tests are set out the Cambridge Checkpoint way, so students can tackle assessments with confidence. Crucial rigour is built in from the start, with exercises designed tochallenge and stretch all abilities, and extension material that smooths the transition to Cambridge IGCSE. Plus, it's endorsed by Cambridge International Examinations, so you know it's comprehensive.
942 ## - ADDED ENTRY ELEMENTS (KOHA)
Source of classification or shelving scheme Dewey Decimal Classification
Koha item type Books
Suppress in OPAC No
Holdings
Withdrawn status Lost status Source of classification or shelving scheme Damaged status Not for loan Collection Home library Current library Shelving location Date acquired Total Checkouts Full call number Barcode Date last seen Price effective from Koha item type
    Dewey Decimal Classification     Non-Fiction Footprints International School Library Network Toul Kork Campus Footprints International School Library Network Toul Kork Campus TTP Secondary Non-Fiction Bookshelves 01/21/2025   LAR PZ7 500 FISSE03267 01/21/2025 01/21/2025 Books